Normal view
MARC view
Entry Corporate Name
001 - CONTROL NUMBER
- control field: 1238985
003 - CONTROL NUMBER IDENTIFIER
- control field: OSt
005 - DATE AND TIME OF LATEST TRANSACTION
- control field: 20260511140937.0
008 - FIXED-LENGTH DATA ELEMENTS
- fixed length control field: 260511|| aca||aabn | a|a d
040 ## - CATALOGING SOURCE
- Original cataloging agency: OSt
- Transcribing agency: OSt
110 ## - HEADING--CORPORATE NAME
- Subordinate unit: Department of Punjabi, University of Delhi
670 ## - SOURCE DATA FOUND
- Source citation: Work cat.: (OSt)1851182: ਕੌਰ, ਬੇਅੰਤ 814687, ਆਦਿ ਗ੍ਰੰਥ ਵਿੱਚ ਦਰਜ ਬਗਤ ਬਾਣੀ ਦਾ ਧਰਮ -ਸ਼ਾਹਸਤੀ ਪਰਿਪੇਖ:, 2025
